000 00490nam a2200169 i 4500
001 145562
003 ES-MaACL
007 t|
008 071015s1963 sp ||||1| spa d
100 1 _aBarrio, Juan Ventura.
_925996
245 1 0 _aCanción de gesta
_b: (sonetos hispanoamericanos) /
_cJuan Ventura Barrio.
250 _a[1ª ed.].
260 _aMadrid :
_bEdiciones Agem,
_c1963.
300 _a61 p. ;
_c17 cm.
500 _aRetrato del autor.
852 _aES-MaACL
_jE-2513
_bR.54671
999 _c145562
_d145562